000 01948nam0a2200385 4500
001 RU\NLR\bibl\1652292
005 20260405201340.0
010 _a978-5-7695-7284-5
_92000
021 _aRU
_b2010-40946
_92745
035 _a(nilc)RSL-KNO-004654178
035 _a(NLR Aleph) 001643611
090 _a877465
_c877465
100 _a20100531d2010 |||y0rusy50 ca
101 0 _arus
102 _aRU
105 _aa |||||||||
200 1 _aОсновы олигофренопедагогики
_eучебное пособие для студентов образовательных учреждений среднего профессионального образования
_fВ.М. Мозговой, И.М. Яковлева, А.А. Еремина
205 _a3-е изд., стер.
210 _aМосква
_cАкадемия
_d2010
215 _a219, [1] с., [4] л. цв. ил.
_cил.
_d22
225 1 _aСреднее профессиональное образование
_iПедагогическое образование
225 1 _aУчебное пособие
320 _aБиблиогр. в конце гл.
606 1 _aОлигофренопедагогика
_jУчебные издания для среднего профессионального образования
_9987553
_3RU\NLR\auth\66372580
686 _aЧ435я723-1
_2rubbk
686 _aЧ435я723
700 1 _aМозговой
_bВ. М.
_gВасилий Маркович
_4070
701 1 _4070
_7ca
_8rus
_aЯковлева
_bИ. М.
_cд-р пед. наук, олигофренопедагог
_gИрина Михайловна
_971828
_3RU\NLR\AUTH\7788900
701 1 _aЕремина
_bА. А.
_gАнна Александровна
_4070
801 0 _aRU
_bРГБ
_c20100531
_grcr
801 1 _aRU
_bРГБ
_c20100531
801 2 _aRU
_bNLR
_c20100705
_grcr
942 _cBOOK
980 _aNB